El señor del cero / (Registro nro. 11658)

Detalles MARC
000 -LIDER
fixed length control field 00979nam a2200337 b 4500
001 - NÚMERO DE CONTROL
Identificador de número de control 00527
003 - IDENTIFICACDOR DE NÚMERO DE CONTROL
control field DO-SdBNP
005 - DATE AND TIME OF LATEST TRANSACTION
control field 20180130103915.0
007 - CAMPOS FIJOS DE DESCRIPCIÓN FÍSICA
fixed length control field 00527
008 - ELEMENTOS DE LONGITUD FIJA
fixed length control field 961028s1996 sp | ||| ||spa
016 7# - NO. DE CONTROL DE LA AGENCIA BIB. NACIONAL
Record control number
Source BPMSU
017 ## - NÚMERO DE REGISTRO DE DERECHOS DE AUTOR
Copyright or legal deposit number
Assigning agency
020 ## - ISBN
International Standard Book Number 9789681903886
035 ## - NÚMERO LOCAL
System control number
040 ## - FUENTE DE CATALOGACIÓN
Agencia que crea de manera original el registro BPMSU
Idioma de catalogación spa
Agencia que realiza la transcripción BPMSU
Convenciones de la despripción
080 #0 - NÚMERO DE CLASIFICACIÓN DECIMAL UNIVERSAL
Universal Decimal Classification number
082 #4 - NÚMERO DE CLASIFICACIÓN DECIMAL DE DEWEY
Classification number 863.6
Item number M722s, 2007
100 1# - ASIENTO PRINCIPAL -- NOMBRE PERSONAL
Nombre personal Molina, María Isabel,
Fechas asociadas con el nombre 1941-
245 13 - MENCIÓN DE TITULO
Título El señor del cero /
Medio (Designación general de material)
Mención de responsabilidad Mª Isabel Molina ; ilustraciones de Francisco Solé
250 ## - MENCIÓN DE EDICION
Mención de edición 1a ed. 7a. impresión
260 ## - PUBLICACIÓN, DISTRIBUCIÓN, ETC. (PIE DE IMPRENTA)
Lugar de publicación, distribución, etc Madrid :
Nombre del editor, distribuidor, etc. Alfaguara,
Fecha de publicación, distribución, etc 1996
300 ## - DESCRIPCIÓN FÍSICA
Extensión 153 p. :
Otros detalles físicos il.;
Dimensiones 21 cm
490 1# - MENCIÓN DE SERIES
Mención de serie Alfaguara Juvenil
650 #4 - ENCABEZAMIENTO DE MATERIA--TEMÁTICO
Término temático o nombre geográfico como elemento de entrada NOVELA JUEVENIL ESPAÑOLA
650 #4 - ENCABEZAMIENTO DE MATERIA--TEMÁTICO
Término temático o nombre geográfico como elemento de entrada LITERATURA JUEVENIL ESPAÑOLA
700 ## - ASIENTO SECUNDARIO -- NOMBRE PERSONAL
Nombre personal Solé, Francisco,
Fechas asociadas con el nombre 1952.-
Mención de responsabilidad ilustraciones
830 #0 - ASIENTO SECUNDARIO DE SERIE--TÍTULO UNIFORME
Título uniforme Afaguara Juvenil
942 ## - ADDED ENTRY ELEMENTS (KOHA)
Source of classification or shelving scheme Dewey Decimal Classification
Koha item type Libros
945 ## - INFORMACIÓN DE PROCESAMIENTO LOCAL
Información de procesamiento local Inventariado, 2018 / BT
956 ## - LOCAL ELECTRONIC LOCATION AND ACCESS (OCLC)
Nombre de host VMATEO
Trayectoria 10
Nombre Electrónico 20161021
Procesador de solicitud BPMSU
Instrucción 0069
Existencias
Withdrawn status Lost status Source of classification or shelving scheme Damaged status Not for loan Collection code Home library Current library Date acquired Source of acquisition Total Checkouts Full call number Barcode Date last seen Price effective from Koha item type Copy number
    Dewey Decimal Classification     Colección Juvenil General Biblioteca Pública Metropolitana Salomé Ureña Biblioteca Pública Metropolitana Salomé Ureña 10/21/2016 ALFAGUARA   863.6 M722s 2007 BPMSU16100334 10/21/2016 10/21/2016 Libros  
    Dewey Decimal Classification     Colección Juvenil General Biblioteca Pública Metropolitana Salomé Ureña Biblioteca Pública Metropolitana Salomé Ureña 10/21/2016 ALFAGUARA   863.6 M722s 2007 BPMSU16100335 10/21/2016 10/21/2016 Libros e. 2
    Dewey Decimal Classification     Colección Juvenil General Biblioteca Pública Metropolitana Salomé Ureña Biblioteca Pública Metropolitana Salomé Ureña 10/21/2016 ALFAGUARA   863.6 M722s 2007 BPMSU16100336 10/21/2016 10/21/2016 Libros e. 3